000 00985nam a2200277 a 4500
001 62880
005 20180714065055.0
008 150612s2007 sp a r 000 0 spa d
020 _a9788425423673
041 0 _aspa
082 0 _a618.920024
_bGOE
100 1 _aGoebel, Wolfgang
_eautor
245 1 0 _aPediatría para la familia :
_buna obra de consulta médico-pedagógica /
_cWolfgang Goebel; Michaela Glöckler.
250 _a[Primera edición]
264 1 _aEspaña :
_bHerder Editorial, S.L.,
_c2007
300 _a737 páginas :
_bilustraciones ;
_c23 cm.
336 _atexto
_2rdacontent
337 _asin mediación
_2rdamedia
338 _avolumen
_2rdacarrier
650 4 _aPediatría
_xMedicina alternativa
650 4 _aMedicina
_xEnseñanza
700 1 _aGlöckler, Michaela
_d1946-
_eautor
700 1 _aRubies, Carlota
_etraductor
700 1 _aIhmig, Alexandra
_etraductor
740 0 _aKindersprechstunde. Ein medizinisch-pädagogischer Ratgeber
999 _c62880
_d62880